000
00272nam a2200109Ia 4500
008
221009s9999 xx 000 0 und d
082
_a
720/MED
100
_a
Medhi, Dilip K.
_9
997
245
0
_a
Man and Environment in NE India Volume III
260
_b
EBH Pub.
942
_c
BK
999
_c
64874
_d
64874